| 000 | 00857nam a2200217 4500 | ||
|---|---|---|---|
| 001 | 127361 | ||
| 003 | ES-MaACL | ||
| 007 | t| | ||
| 008 | 070214s1983 sp r ||||1| spa d | ||
| 100 | 1 |
_aRiedl, Rupert. _997079 |
|
| 245 | 1 | 0 |
_aBiología del conocimiento _b: los fundamentos filogenéticos de la razón / _cRupert Riedl ; con la colaboración de Robert Kaspar ; con 60 figuras de Smoky Riedl ; traducción de Juan Pedro Acordagoicoechea Goicoechea. |
| 260 |
_aBarcelona : _bLabor, _c1983. |
||
| 300 |
_a252 p. : _bil. ; _c22 cm. |
||
| 490 | 1 | _aLabor universitaria. Monografías | |
| 700 | 1 |
_aKaspar, Robert. _967603 |
|
| 700 | 1 |
_aRiedl, Smoky. _997080 |
|
| 700 | 1 |
_aAcordagoicoechea Goicoechea, Juan Pedro. _918289 |
|
| 830 | 0 | 0 |
_aColección Labor universitaria _9178634 |
| 852 |
_aES-MaACL _jL-4637 _bR.105273 |
||
| 999 |
_c127361 _d127361 |
||